01193cam a22003134 4500001000700000003000700007005001700014008004100031015001200072017005000084020001800134024001700152035002100169040002900190080003200219080003100251100004300282245005300325260007200378300004300450336002200493337003000515338002400545500006500569500002800634600004800662651004900710852012000759195366SpMaBN20250929063315.0180208s2007 sp | |||| 000 spa  aMON0810 aM 54072-2007bOficina Depósito Legal Madrid a97884834705727 a502-07-052-7 a(OCoLC)434467844 aSpMaBNbspacSpMaBNerdc a77 Verger, Pierre (083.824) a913(460.35)(0:77)(083.824) aVerger, Pierre, d1902-19960XX117483810aPierre Verger, Andalucía 1935h[Texto impreso] a[Madrid]bAgencia Española de Cooperación Internacionalc[2007] a217 p.bprincipalmente il.c23 x 33 cm 2rdacontentatexto 2rdamediaasin mediación 2rdacarrieravolumen aCatalogación provisional. Signatura: N-8940. Depósito J. aExposición itinerante 0aVerger, Pierre, d1902-1996- vExposiciones 7aAndalucíaxEn el artevExposiciones2embne aES-MaACLbR.152113cDEPOJjN-8940xEncuadernación rústica con sobrecubiertaszEn procesohDonación: editorial